000
00308nam a2200133Ia 4500
005
20260326235444.0
008
260326s9999||||xx |||||||||||||| ||und||
100
_a
Macaulay, David
245
0
_a
Pyramid /
_c
David Macaulay
260
_b
Houghton Mifflin
300
_a
80 p.
650
_a
HISTORIA
942
_c
BK
999
_c
7508
_d
7508